Byabasaya sangathan aru parisalana (Record no. 6064)

MARC details
000 -LEADER
fixed length control field 00523cam a2200193ua 4500
001 - CONTROL NUMBER
control field 6923
005 - DATE AND TIME OF LATEST TRANSACTION
control field 20260515114129.0
008 - FIXED-LENGTH DATA ELEMENTS--GENERAL INFORMATION
fixed length control field 140305n ii |||gr||||Z||||||asm
040 ## - CATALOGING SOURCE
Transcribing agency MAIN
082 ## - DEWEY DECIMAL CLASSIFICATION NUMBER
Classification number 338.7
245 1# - TITLE STATEMENT
Title Byabasaya sangathan aru parisalana
Statement of responsibility, etc. By Anil kumar sharma
250 ## - EDITION STATEMENT
Edition statement 1st ed.
260 ## - PUBLICATION, DISTRIBUTION, ETC.
Place of publication, distribution, etc. Guwahati:
Name of publisher, distributor, etc. University publication department,
Date of publication, distribution, etc. 1987.
300 ## - PHYSICAL DESCRIPTION
Extent x,237p.
653 ## - INDEX TERM--UNCONTROLLED
Uncontrolled term Commerce
653 ## - INDEX TERM--UNCONTROLLED
Uncontrolled term Byabasaya sangathan aru parisalana
700 1# - ADDED ENTRY--PERSONAL NAME
Personal name Sharma,Anil kumar,
Relator term Author.,
942 ## - ADDED ENTRY ELEMENTS (KOHA)
Koha item type Books
Holdings
Withdrawn status Lost status Damaged status Not for loan Home library Current library Shelving location Date acquired Total checkouts Full call number Barcode Date last seen Copy number Price effective from Koha item type
        Naharkatiya College Library Naharkatiya College Library General stacks 09/19/2020   338.7 | SHA 13294 09/19/2020 1 09/19/2020 Books